Cell and molecular biology / (Record no. 30911)

MARC details
000 -LEADER
fixed length control field 01635cam a2200397 i 4500
001 - CONTROL NUMBER
control field 23654725
003 - CONTROL NUMBER IDENTIFIER
control field EG-ScBUE
005 - DATE AND TIME OF LATEST TRANSACTION
control field 20250223103311.0
008 - FIXED-LENGTH DATA ELEMENTS--GENERAL INFORMATION
fixed length control field 240423t2024 paua f 001 0 eng d
020 ## - INTERNATIONAL STANDARD BOOK NUMBER
International Standard Book Number 9781975180959
020 ## - INTERNATIONAL STANDARD BOOK NUMBER
International Standard Book Number 197518095X
040 ## - CATALOGING SOURCE
Original cataloging agency DLC
Language of cataloging eng
Description conventions rda
Transcribing agency DLC
Modifying agency EG-ScBUE
082 04 - DEWEY DECIMAL CLASSIFICATION NUMBER
Edition number 22
Classification number 574.87
Item number CHA
100 1# - MAIN ENTRY--PERSONAL NAME
Personal name Chandar, Nalini,
Relator term author.
245 10 - TITLE STATEMENT
Title Cell and molecular biology /
Statement of responsibility, etc Nalini Chandar, PhD, Professor, Department of Biochemistry and Molecular Genetics, Midwestern University, Downers Grove, Illinois, Susan Viselli, PhD, Professor, Department of Biochemistry and Molecular Genetics, Midwestern University, Downers Grove, Illinois.
250 ## - EDITION STATEMENT
Edition statement Third edition.
250 ## - EDITION STATEMENT
Edition statement International edition.
264 #1 - PUBLICATION, DISTRIBUTION, ETC. (IMPRINT)
Place of publication, distribution, etc Philadelphia :
Name of publisher, distributor, etc Wolters Kluwer,
Date of publication, distribution, etc [2024]
264 #4 - PUBLICATION, DISTRIBUTION, ETC. (IMPRINT)
Date of publication, distribution, etc c2024
300 ## - PHYSICAL DESCRIPTION
Extent 270 pages :
Other physical details color illustrations ;
Dimensions 28 cm.
336 ## - CONTENT TYPE
Content type term text
Content type code txt
Source rdacontent
337 ## - MEDIA TYPE
Media type term unmediated
Media type code n
Source rdamedia
338 ## - CARRIER TYPE
Carrier type term volume
Carrier type code nc
Source rdacarrier
490 0# - SERIES STATEMENT
Series statement Lippincott's illustrated reviews
500 ## - GENERAL NOTE
General note Includes index.
500 ## - GENERAL NOTE
General note Revised edition of: Cell and molecular biology / Nalini Chandar, Susan Viselli. Second edition. [2019].
650 #7 - SUBJECT ADDED ENTRY--TOPICAL TERM
Topical term or geographic name as entry element Cytology
Form subdivision Examinations, questions, etc.
Source of heading or term BUEsh
650 #7 - SUBJECT ADDED ENTRY--TOPICAL TERM
Topical term or geographic name as entry element Cytology
Form subdivision Outlines, syllabi, etc.
Source of heading or term BUEsh
650 #7 - SUBJECT ADDED ENTRY--TOPICAL TERM
Topical term or geographic name as entry element Molecular biology
Form subdivision Examinations, questions, etc.
Source of heading or term BUEsh
650 #7 - SUBJECT ADDED ENTRY--TOPICAL TERM
Topical term or geographic name as entry element Molecular biology
Form subdivision Outlines, syllabi, etc.
Source of heading or term BUEsh
653 ## - INDEX TERM--UNCONTROLLED
Arrived date list February2025
Resource For college Pharmacy
700 1# - ADDED ENTRY--PERSONAL NAME
Personal name Viselli, Susan,
Relator term author.
906 ## - LOCAL DATA ELEMENT F, LDF (RLIN)
a 7
b cbc
c orignew
d 2
e ncip
f 20
g y-gencatlg
942 ## - ADDED ENTRY ELEMENTS (KOHA)
Source of classification or shelving scheme Dewey Decimal Classification
Koha item type Book - Borrowing
Holdings
Withdrawn status Lost status Source of classification or shelving scheme Damaged status Not for loan Collection code Home library Current library Shelving location Date acquired Source of acquisition Cost, normal purchase price Serial Enumeration / chronology Total Checkouts Full call number Barcode Checked out Date last seen Date checked out Cost, replacement price Price effective from Koha item type
    Dewey Decimal Classification     Alahram Central Library Central Library First floor 23/02/2025 Purchase 2699.00 154 1 574.87 CHA 000057274 01/11/2025 02/10/2025 02/10/2025 3374.00 23/02/2025 Book - Borrowing